| 000 | 00630nam a2200217Ia 4500 | ||
|---|---|---|---|
| 003 | OSt | ||
| 005 | 20250705101808.0 | ||
| 008 | 210719s2012 xx 000 0 und d | ||
| 040 | _cAL | ||
| 041 | _aeng | ||
| 082 | _a922 STAS | ||
| 100 |
_aST ALOYSIUS COLLEGE _9174798 |
||
| 245 | _aSouvenir: celebrating 80 years of fruitful living of Leo DSouza | ||
| 260 |
_aMangalore _bSt Aloysisus College _c2012 |
||
| 300 |
_aiv,76 _bPB |
||
| 365 | _cRs | ||
| 650 |
_aBiography _9174799 |
||
| 650 |
_aBiography _9174799 |
||
| 906 | _a80 ; celebrating ; D ; fruitful ; Leo ; living ; of ; Souvenir: ; Souza ; years | ||
| 942 |
_2ddc _cBK |
||
| 999 |
_c215424 _d215424 |
||